| 000 -LEADER |
| fixed length control field |
00860cam a22002417i 4500 |
| 003 - CONTROL NUMBER IDENTIFIER |
| control field |
OSt |
| 005 - DATE AND TIME OF LATEST TRANSACTION |
| control field |
20240730190002.0 |
| 008 - FIXED-LENGTH DATA ELEMENTS--GENERAL INFORMATION |
| fixed length control field |
160329s2016 nyua 001 0 eng d |
| 020 ## - INTERNATIONAL STANDARD BOOK NUMBER |
| International Standard Book Number |
9781465444837 |
| 042 ## - AUTHENTICATION CODE |
| Authentication code |
lccopycat |
| 050 00 - LIBRARY OF CONGRESS CALL NUMBER |
| Classification number |
TR267 |
| Item number |
.A55 2016 |
| 082 04 - DEWEY DECIMAL CLASSIFICATION NUMBER |
| Classification number |
770 |
| Edition number |
23 |
| 100 1# - MAIN ENTRY--PERSONAL NAME |
| Personal name |
Ang, Tom, |
| Relator term |
author |
| 245 10 - TITLE STATEMENT |
| Title |
Digital photography through the year : |
| Remainder of title |
capture inspirational images in every season / |
| Statement of responsibility, etc |
Tom Ang. |
| 250 ## - EDITION STATEMENT |
| Edition statement |
2nd edition. |
| 300 ## - PHYSICAL DESCRIPTION |
| Extent |
360 pages : |
| Other physical details |
color illustrations ; |
| Dimensions |
24 cm |
| 500 ## - GENERAL NOTE |
| General note |
Includes index. |
| 505 0# - FORMATTED CONTENTS NOTE |
| Formatted contents note |
Midwinter -- Late winter -- Early spring -- Mid-spring -- Late spring -- Early summer -- Midsummer -- Late summer -- Early fall -- Mid-fall -- Late fall -- Early winter. |
| 650 #0 - SUBJECT ADDED ENTRY--TOPICAL TERM |
| Topical term or geographic name as entry element |
Photography |
| General subdivision |
Digital techniques. |
| 650 #0 - SUBJECT ADDED ENTRY--TOPICAL TERM |
| Topical term or geographic name as entry element |
Nature photography. |
| 650 #0 - SUBJECT ADDED ENTRY--TOPICAL TERM |
| Topical term or geographic name as entry element |
Outdoor photography. |
| 942 ## - ADDED ENTRY ELEMENTS (KOHA) |
| Source of classification or shelving scheme |
|